000 01067nam a2200349Ia 4500
001 dia_1065
003 CHAP
005 20230123095831.0
008 220117s[197 xx 000 0 und d
010 _a171613
040 _cCHAP
082 _a338.65 P47 [197?]
110 _aMéxico. Nacional Financiera
_9147598
245 _aPerfiles industriales /
_c Nacional Financiera
260 _aMéxico :
_b NAFINSA,
_c[197
300 _a1 v. (paginación variada)
500 _aEl ejemplar 2 solo tiene las partes de alfalfa y harina de pescado.
503 _aD.
590 _aHC137 P47 [197?]
650 _aAlfalfa
650 _aDates (Fruit)
_9149934
650 _aDátiles
_9149935
650 _aFeed industry
_9149936
650 _aFish meal
_9149937
650 _aHarina de pescado
_952722
650 _aIndustria alimentaria
_9141176
710 _aNacional Financiera (México)
_980005
901 _a338.65 P47 [197?]
902 _aM
905 _a523225[197?] MX amn 8225223322SPA16
942 _cLIBRO
_2ddc
999 _c171613
_d171613